|
|
|
|
| LEADER |
00000nam a22000007a 4500 |
| 008 |
240610b |||||||| |||| 00| 0 eng d |
| 020 |
|
|
|a 9781032034430
|
| 245 |
|
|
|a COVER crops and sustainable agriculture
|c /edited by Rafiq Islam, Bradford Sherman
|g vi, 320p; ill
|
| 250 |
|
|
|c Islam, Rafiq
|
| 250 |
|
|
|c Sherman, Bradford
|
| 260 |
|
|
|b CRC Press
|c 2021
|h Boca Raton , FL
|i 702245
|i 702246
|l SB284.C83
|m Cover crops
|m Sustainable agriculture
|
| 500 |
|
|
|a Includes bibliographical references and index
|
| 942 |
|
|
|a lcc
|c BK
|e Johnson
|f 10/06/24
|
| 952 |
|
|
|0 0
|1 0
|2 lcc
|4 0
|6 SB0284 C83
|7 0
|9 5266
|a AG
|b HOL
|c QZ
|d 2024-06-10
|l 0
|o SB284.C83
|p 2024-0510
|r 2024-06-10 00:00:00
|t 702245
|w 2024-06-10
|y BK
|
| 952 |
|
|
|0 0
|1 0
|2 lcc
|4 0
|6 SB0284 C83
|7 0
|9 5267
|a HOL
|b HOL
|c QZ
|d 2024-06-10
|l 0
|o SB284.C83
|p 2024-0511
|r 2024-06-10 00:00:00
|t 702246
|w 2024-06-10
|y BK
|
| 999 |
|
|
|c 2610
|d 2610
|